| 000 | 00557 a2200169 4500 | ||
|---|---|---|---|
| 999 |
_c5191 _d5191 |
||
| 020 | _a0869259727 | ||
| 050 | _aPR4567 DIC 2000 | ||
| 100 |
_aDickens, Charles _eauthor |
||
| 245 |
_aOliver Twist / _cCharles Dickens, adapted by Katharine Lang |
||
| 264 |
_aHarare : _bCollege Press, _c2000. |
||
| 300 |
_a107p. : _bill. |
||
| 500 | _aFiction | ||
| 650 | _aOrphans -- England -- London -- Juvenile fiction. | ||
| 650 | _aLondon (England) -- Social life and customs -- 19th century -- Juvenile fiction. | ||
| 651 | _aEngland | ||
| 942 |
_2lcc _cBK _h4567 _iDIC _kPR |
||